000 00595nam a2200241Ia 4500
003 OSt
005 20221005113621.0
006 a|||||r|||| 00| 0
007 ta
008 221004b |||||||| |||| 00| 0 tel d
024 _a56842
037 _cTextual
040 _aCRL
_cCRL
_btel
041 _2tel
_atel
082 _aO35,3NCH7,5, M1
100 _aChandur Au.
_9224018
245 0 _aAalochinchu
260 _c1981
650 _a TELUGU LITERATURE
650 _aTELUGU FICTION
942 _hO35,3NCH7,5, M1
_cTEXL
_2cc
999 _c1028758
_d1028758